Statistiques concernant Le plus grande ville commençant par C dans ce pays

Cliquez ici pour prendre le quiz!

Statistiques générales

  • Ce quiz a été pris 254 fois
    (218 depuis la dernière actualisation)
  • Le résultat moyen est 7 sur 18

Statistiques - réponses

PaysC-ville% Correct
VenezuelaCaracas
83%
États-UnisChicago
69%
IndeCalcutta
67%
Sri LankaColombo
65%
IrlandeCork
62%
ChineCanton
56%
BelgiqueCharleroi
47%
St.LucieCastries
44%
FranceClermont-Ferrand
44%
ItalieCatane
42%
CanadaCalgary
38%
BangladeshChittagong
21%
PhilippinesCebu
19%
BrésilCuritiba
19%
HaitiCarrefour
14%
EspagneCartagène
13%
MexiqueCuliacan
4%
ChiliConcepcion
3%

Distribution des résultats

Percentile par nombre de réponses

% des personnes avec chaque résultat

Votre développement - résultats

Vous n’avez pas pris ce quiz depuis la dernière actualisation